000 00269nam a22001217a 4500
008 181029b xxu||||| |||| 00| 0 eng d
041 _aeng
080 _a902
100 _a45
101 _aARKE
245 _aThe Adventure of Archaeology
_cLutyk, C.B
942 _2udc
_cBK
999 _c51007
_d51007